Loading...
| Science - Chemistry | 0 | 3 | 1 | 1 | 25 | 100 | 110.67 | 0 | 0 | 1.64 | 10.23 |
| Fine Arts - Other | 0 | 2 | 0 | 0 | 20 | 74 | 98.50 | 0 | 0 | 3.81 | 4.55 |
| Literature - American | 0 | 2 | 0 | 0 | 20 | 117 | 118.00 | 0 | 0 | 2.51 | 6.82 |
| Popular Culture | 0 | 1 | 0 | 0 | 10 | 36 | 36.00 | 1 | 1 | 25.17 | 29.17 |
| Literature - British | 0 | 1 | 0 | 0 | 10 | 132 | 132.00 | 0 | 0 | 0.70 | 2.27 |
| Literature - World | 0 | 1 | 0 | 0 | 10 | 105 | 105.00 | 0 | 1 | 2.37 | 6.82 |
| Mythology | 0 | 1 | 0 | 1 | 10 | 118 | 118.00 | 0 | 0 | 0.78 | 1.14 |
| Science - Physics | 0 | 0 | 0 | 0 | 0 | 0.00 | 0 | 0 | 0.00 | 0.00 | |
| Fine Arts - Classical Music | 0 | 0 | 0 | 0 | 0 | 0.00 | 0 | 0 | 0.00 | 0.00 | |
| Fine Arts - Painting and Sculpture | 0 | 0 | 1 | 0 | -5 | 0.00 | 0 | 0 | 0.00 | 0.00 | |
| Science - Biology | 0 | 0 | 2 | 0 | -10 | 0.00 | 0 | 0 | 0.00 | 0.00 |